| 000 | 00533nam a22001937a 4500 | ||
|---|---|---|---|
| 003 | OSt | ||
| 005 | 20170509193034.0 | ||
| 008 | 170509b xxu||||| |||| 00| 0 eng d | ||
| 020 | _a0521561302 | ||
| 040 | _cDDC. | ||
| 082 | _a530.411ELE 1997. | ||
| 100 |
_aEdited by Springford,Micheal; _912133 |
||
| 245 | _aElectron: acentenary Volume; | ||
| 260 | _aCambridge;Cambridge University Press,1997. | ||
| 300 |
_axii,330p; _bill: _c23cm |
||
| 504 | _aincludes index and references. | ||
| 650 |
_aPhysics. _9809 |
||
| 942 |
_2ddc _cO_SHELF |
||
| 999 |
_c5844 _d5844 |
||